Using PageMaker for the PC, version 3. (2nd ed.) (Record no. 61169)

MARC details
000 -LEADER
fixed length control field 00709nam a2200205 a 4500
008 - FIXED-LENGTH DATA ELEMENTS--GENERAL INFORMATION
fixed length control field 060316s1988 ||||||||||||||||| || u
020 ## - INTERNATIONAL STANDARD BOOK NUMBER
International Standard Book Number 0078814227
050 ## - LIBRARY OF CONGRESS CALL NUMBER
Classification number Z 286.D47 Mat
100 ## - MAIN ENTRY--PERSONAL NAME
Personal name Matthews, Martin S
245 10 - TITLE STATEMENT
Title Using PageMaker for the PC, version 3. (2nd ed.)
250 ## - EDITION STATEMENT
Edition statement 2nd ed.
260 ## - PUBLICATION, DISTRIBUTION, ETC.
Place of publication, distribution, etc. Berkeley, Calif. :
Name of publisher, distributor, etc. Osborne McGraw-Hill
Date of publication, distribution, etc. 1988
300 ## - PHYSICAL DESCRIPTION
Extent xviii, 579 p. : ill.
350 ## - PRICE (NR) (BK AM CF MU VM SE) [OBSOLETE]
Price 0.00
500 ## - GENERAL NOTE
General note Includes bibliopgraphy
650 ## - SUBJECT ADDED ENTRY--TOPICAL TERM
Topical term or geographic name entry element DESKTOP PUBLISHING
650 ## - SUBJECT ADDED ENTRY--TOPICAL TERM
Topical term or geographic name entry element TEXTBOOKS
700 ## - ADDED ENTRY--PERSONAL NAME
Personal name Matthews, Carole Boggs
995 ## - RECOMMENDATION 995 [LOCAL, UNIMARC FRANCE]
-- 0.00
-- CBU-MAIN LIBRARY (Kitwe)
-- 1
-- 22.95
-- AVAILABLE
-- Annex Low-Usage Collection
Holdings
Withdrawn status Lost status Source of classification or shelving scheme Damaged status Not for loan Home library Current library Shelving location Date acquired Total Checkouts Full call number Barcode Date last seen Price effective from Koha item type
          CBU-MAIN LIBRARY, KITWE. CBU-MAIN LIBRARY, KITWE.   11/30/2022   Z 286.D47 Mat 017440 11/30/2022 11/30/2022 MONOGRAPH